History Quiz

Random History or Famous Quiz

Who's That With Martin Luther King, Jr.? Quiz Stats

 Plays Quiz Updated Jan 19, 2015

Challenge
Share
Tweet
Score 0/15 Timer 05:00
11 Plays Today
% Correct
Muhammad Ali
95.7%
Robert F. Kennedy
95%
Richard Nixon
90.3%
Lyndon Johnson
86.8%
Malcolm X
84.5%
Rosa Parks
84.1%
Dwight Eisenhower (and E. Frederic Morrow)
73.1%
Harry Belafonte and Sammy Davis, Jr.
66.3%
% Correct
Jesse Jackson
58.2%
Coretta Scott King
50.3%
Pope Paul VI
45.7%
Marlon Brando
36%
Billy Graham
35.1%
Jackie Robinson
25.1%
Jawaharlal Nehru
14.6%

You're not logged in!

Compare scores with friends on all Sporcle quizzes.
OR
Log In

You Might Also Like...

Show Comments

Extras

Top Quizzes Today


Score Distribution

Your Account Isn't Verified!

In order to create a playlist on Sporcle, you need to verify the email address you used during registration. Go to your Sporcle Settings to finish the process.

Report this User

Report this user for behavior that violates our Community Guidelines.

Details: